000
00153nam a22000857a 4500
082
_a
823
100
_a
SUSAN KENT
245
_a
WALKING IN BEAUTY
942
_c
BK
999
_c
8337
_d
8337